000 00444nam a2200181Ia 4500
001 2559
005 20260306144816.0
008 260306t2013||||xx |||||||||||||| ||spa||
041 _aESP
082 _a616.89142
_bN37
100 _aNeimeyer, Robert A.
_eAUT
245 0 _aPsicoterapia constructiva:
_brasgos distintivos
260 _c2013
300 _a183 páginas :
_c21 cm.
650 _aGEN
654 _aCPS
942 _cLIB
_dJUS
_fJUS
_2ddc
_n
999 _c2559
_d2559